| 000 | 01011nam a2200265 a 4500 | ||
|---|---|---|---|
| 001 | BRCA_3662 | ||
| 005 | 20190320204355.0 | ||
| 008 | 010909s2006----mx-d---###---#000-0#spa-# | ||
| 041 | _aspa | ||
| 044 | _amx | ||
| 050 | 4 |
_aZ701.3 _b.L56 _c2006 |
|
| 245 | 1 | 0 |
_aLineamientos para la producción y preservación de objetos de audio digitales _ceditor Kevin Bradley ; editor en México Benjamín Rocha ; traducción Antonio Limas. |
| 260 |
_aMéxico _bIASA : Radio Educación _c2006 |
||
| 300 |
_a88 p. _bil. _c25 cm. |
||
| 440 | 0 |
_aEstándares, prácticas recomendadas y estrategias _vIASA-TC04 _99499 |
|
| 500 | _aIncluye índice de materias | ||
| 504 | _aBibliografía: p. 82-83 | ||
| 650 | 1 | 4 |
_aPreservación digital _vNormas _99500 |
| 650 | 1 | 4 |
_aMedios digitales _vNormas _xPreservación _99501 |
| 650 | 1 | 4 |
_aSonido _vTécnicas digitales _xGrabación y reproducción _99502 |
| 700 | 1 |
_aBradley, Kevin _eed _99503 |
|
| 700 | 1 |
_aRocha, Benjamín _eed _99504 |
|
| 700 | 1 |
_aLimas, Antonio _etr _99505 |
|
| 942 |
_2lcc _cB |
||
| 999 |
_c3394 _d3394 |
||